Top 1000 Baby Girl Names in 2021 - USA - Statistics

General Stats
  • This quiz has been taken 1,906 times
  • The average score is 117 of 200
Answer Stats
Answers % Correct
Olivia Emma Charlotte Amelia Ava
97%
Emily Aria Penelope Chloe Layla
95%
Sophia Isabella Mia Evelyn Harper
95%
Stella Zoe Victoria Hannah Addison
94%
Caroline Allison Gabriella Anna Serenity
93%
Eliza Hadley Melody Julia Parker
93%
Lily Nova Isla Grace Violet
93%
Ella Abigail Sofia Avery Scarlett
92%
Jade Sarah Eva Adeline Madeline
92%
Jessica Elaine Dorothy Mira Eve
92%
Luna Camila Gianna Elizabeth Eleanor
92%
Mila Nora Hazel Madison Ellie
92%
Leah Lucy Eliana Ivy Everly
90%
Maria Iris Ayla Eloise Lyla
90%
Sophie Hailey Sadie Natalia Quinn
90%
Aaliyah Ruby Brooklyn Alice Aubrey
89%
Elliana Cecilia Mary Daisy Alina
89%
Ariella Ashley Andrea Millie June
88%
Aurora Riley Zoey Willow Emilia
88%
Aliana Estella Julie Yara Rosa
87%
Angel Edith Jennifer Raya Ryan
87%
Catalina Emerson Alexandra Faith Jasmine
87%
Felicity Alexa Danielle Lorelei Paris
87%
Laura Brinley Frances Michelle Heidi
87%
Lillian Paisley Elena Naomi Maya
87%
Molly Brynlee Amy Ruth Aubree
87%
Natalie Kinsley Delilah Claire Audrey
87%
Rose Isabelle Brielle Adalynn Arya
87%
Isabel Reese Emersyn Sienna Kehlani
86%
Kaia Myla Alyssa Angela Ana
86%
Esther Valeria Katherine Kylie Norah
85%
Madelyn Josephine Bella Skylar Genesis
85%
Sara Journee Harmony Blake Alaina
85%
Vivian Clara Raelynn Liliana Samantha
85%
Elsie Ariel Lila Alana Diana
84%
Joanna Jocelyn Lena Evie Juliet
84%
Lennon Evangeline Harlow Rachel Gracie
84%
Allie Daleyza Kate Lyric Alicia
83%
Kamila Nyla Vera Hope Annie
83%
Lauren Cali Kalani Aniyah Nicole
82%
Nevaeh Cora Ariana Emery Lydia
82%
Cassidy Emory Ari Haisley Jimena
81%
Skyler Hanna Kaliyah Alanna Haley
81%
Fiona Cataleya Angelina Leia Paige
80%
Julianna Milani Talia Rebecca Kendall
80%
Miriam Alayna Adelaide Daniela Jane
80%
Anastasia Olive Alani Brianna Rosalie
79%
Gemma Taylor Oakley Margot Arabella
79%
Zariyah Savanna Emerie Christina Skyla
79%
Keira Braelynn Jacqueline Alison Amanda
78%
Lara Romina Jada Kimber Amani
78%
Lilliana Melissa Samara Lana Mabel
78%
Amaya Bailey Ember Ryleigh Georgia
77%
Eden Remi Mackenzie Maeve Margaret
77%
Katie Zariah Imani Amber Analia
77%
Khloe Callie Juliette Sage Ada
77%
Malia Elaina Saylor Brooke Lola
77%
Wren Lainey Vanessa Teagan Kayla
77%
Adelina Bianca Gabrielle Jazlyn Scarlet
76%
Finley Presley Zara Leila Marley
76%
Ophelia Celeste Alayah Winter Catherine
76%
Reagan Charlie Alaia Melanie Josie
76%
Rosie Kamryn Kenzie Alora Holly
75%
Bethany Flora Kylee Kendra Sunny
74%
Bexley Giana Lea Cadence Mavis
74%
Gracelyn Elle Amiyah Arielle Elianna
74%
Sylvie Miranda Anne Mina Myra
74%
Elisa Kayleigh Azalea Francesca Jordan
73%
Sawyer Amira Lilly London Kimberly
73%
Autumn Leilani Savannah Valentina Kennedy
72%
River Freya Valerie Blakely Genevieve
72%
Salem Aisha Adley Carolina Sierra
71%
Alessia Carmen Astrid Maren Helen
70%
Alexis Mariah Gabriela Wynter Amina
70%
Michaela Nia Fernanda Jaliyah Jenna
70%
Summer Adalyn Sloane Amara Arianna
70%
Dani Elodie Halo Nala Promise
69%
Lucille Trinity Gia Tatum Raegan
69%
Aspen Noelle Selena Oaklynn Morgan
68%
Camilla Thea Jayla Brooklynn Blair
68%
Harley Lia Phoenix Dahlia Logan
67%
Sasha Gloria Oaklyn Sloan Abby
67%
Adelyn Phoebe Octavia Sydney Mariana
66%
Amoura Anika Harmoni Kelly Linda
66%
Regina Viviana Aylin Skye Daniella
66%
Collins Nina Briella Palmer Noa
65%
Lucia Ximena Juniper Kaylee Magnolia
64%
Angelica Cassandra Calliope Adrianna Ivanna
63%
Bristol Navy Esmeralda Colette Stephanie
63%
Camille Kaylani Kali Stevie Maggie
63%
Laurel Briana Holland Lilian Amaia
63%
Rory Sabrina Destiny Gwendolyn Alessandra
63%
Alma Helena Bonnie Mylah Briar
62%
Giselle Brynn Ainsley Aitana Charli
62%
Matilda Sylvia Cameron Armani Emelia
62%
Aurelia Leona Macie Maddison April
61%
Billie Haylee India Kaiya Nancy
61%
Blaire Margo Louise Rosalia Aleah
61%
Davina Lylah Erin Reyna Kaitlyn
61%
Jaylah Lillie Mercy Ensley Bria
61%
Miracle Joy Liana Raven Shiloh
60%
Nalani Nola Jemma Lennox Marie
60%
Makenzie Veronica Legacy Maia Ariah
59%
Piper Rylee Athena Peyton Everleigh
59%
Dream Alexandria Willa Avianna Makayla
58%
Macy Mariam Melina Chelsea Dallas
58%
Murphy Sky Melina Noemi Coraline
58%
Rowan Laila Elise Sutton Lilah
58%
Kailey Arleth Joyce Judith Crystal
57%
Mckenzie Kiara Amari Adriana Gracelynn
57%
Poppy Amora Nylah Luciana Maisie
57%
Aarya Eleanora Sandra Soleil Annabella
56%
Haven Tessa Daphne Adaline Hayden
56%
Kenna Ashlyn Florence Ezra Melany
56%
Mya Charlee Alivia Annabelle Kailani
56%
Amirah Megan Siena Reina Rhea
55%
Kamiyah Kara Baylee Jianna Kai
55%
Cheyenne Emmie Carly Janelle Kyra
54%
Everlee Fatima Leighton Esme Raelyn
54%
Robin Austyn Dalia Nyomi Ellen
54%
Londyn Zuri Aliyah Jordyn Juliana
53%
Thalia Rayna Martha Halle Estrella
53%
Jessie Aubrie Madisyn Paulina Averi
52%
Payton Journey Lilith Delaney Dakota
52%
Selah Serena Royalty Rylie Celine
52%
Cynthia Hana Lacey Andi Giuliana
51%
Maxine Karla Khaleesi Johanna Penny
51%
Ainhoa Aspyn Elina Elsa Magdalena
50%
Kora Saige Kinley Maci Mae
50%
Angelique Ocean Elia Lilianna Maleah
49%
Heaven Kyla Wrenley Meadow Carter
49%
Lilyana Princess Shay Hadleigh Natasha
49%
Paula Rosalee Teresa Zora Avah
49%
Aleena Alia Frankie Ellis Kathryn
48%
Jayda Leyla Eileen Irene Karina
48%
Kassidy Noah Monica Keilani Zahra
48%
Liv Treasure Louisa Marleigh Winnie
48%
Madeleine Nayeli Camryn Kira Annalise
47%
Veda Zendaya Simone Alexia Alisson
47%
Vivienne Hallie Madilyn Mckenna Evelynn
47%
Amelie Dulce Chanel Clare Rebekah
46%
Hayley Marilyn Della Freyja Jazmin
46%
Ariya Anya Emberly Emmy Mara
45%
Jolene Marlee Sarai Hattie Nadia
45%
Alejandra Kelsey Charley Capri Priscilla
44%
Barbara Kimora Emerald Raquel Julissa
44%
Indigo Zaria Addisyn Deborah Leanna
44%
Laney Tiana Chaya Ellianna Milan
43%
Maryam Dior Mckinley Virginia Amalia
43%
Demi Makenna Rosemary Danna Izabella
42%
Naya Malaya Sevyn Lina Mikayla
42%
Stormi Etta Ayleen Brittany Brylee
42%
Itzel Cecelia Jayleen Kensley Beatrice
41%
Journi Dylan Ivory Yaretzi Meredith
40%
Mallory Opal Shelby Clementine Remy
40%
Julieta Malaysia Henley Liberty Leslie
39%
Justice Nellie Novah Estelle Jenesis
39%
Annika Karter Vada Tiffany Artemis
38%
Lexi Addilyn Anaya Malani Paislee
38%
Milena Leilany Saoirse Adele Drew
38%
Zaylee Hadassah Jamie Allyson Anahi
38%
Aubriella Kairi Ryann Avayah Gwen
35%
Selene Bridget Alaiya Angie Fallon
35%
Pearl Aila Katelyn Sariyah Azariah
34%
Alena Novalee Elliot Livia Ashlynn
32%
Kyleigh Micah Nataly Kathleen Zoya
32%
Luisa Vida Ryder Tatiana Tori
31%
Royal Alianna August Nyra Vienna
31%
Aya Chana Milana Cleo Iyla
30%
Kallie Celia Berkley Ramona Jaylani
30%
Zelda Faye Karsyn Oakleigh Dayana
29%
Giovanna Ellison Isabela Kaydence Rosalyn
28%
Kiana Mikaela Aliya Galilea Harlee
28%
Miley Hadlee Janiyah Waverly Braelyn
28%
Aileen Aliza Kataleya Kori Indie
26%
Ariyah Adelynn Remington Reign Alaya
26%
Joelle Kinslee Roselyn Theodora Jolie
26%
Meghan Soraya Zoie Arlette Zola
26%
Oaklee Averie Charleigh Lyra Madelynn
26%
Aviana Lorelai Alondra Kennedi Monroe
25%
Whitley Noor Khalani Marianna Addyson
25%
Clarissa Mazikeen Taytum Aubrielle Rylan
23%
Itzayana Aniya Frida Jaylene Kiera
23%
Marlowe Birdie Jaycee Lexie Loretta
23%
Belen Greta Layne Scout Zaniyah
22%
Denver Emmalyn Persephone Marceline Jazmine
20%
Avalynn Marisol Goldie Malayah Emmeline
19%
Bailee Hunter Rayne Anais Kamari
19%
Giavanna Samira Amaris Madalyn Scarlette
18%
Adalee Tinsley Violeta Baylor Lauryn
17%
Paloma Raina Brynleigh Chandler Valery
16%
Clover Laylah Paisleigh Elyse Kaisley
12%
Loyalty Azaria Jaylee Kamilah Keyla
12%
Xiomara Elliott Elora Katalina Antonella
12%
Emberlynn Landry Paola Braylee Guinevere
11%
Ila Rivka Jovie Yareli Bellamy
11%
Araceli Egypt Iliana Paityn Zainab
10%
Emely Maliyah Ailani Madilynn Renata
10%
Kynlee Salma Luella Zayla Addilynn
9%
Aarna Aiyana Kahlani Lyanna Sariah
6%
No matching quizzes found
Score Distribution
Percent of People with Each Score
Percentile by Number Answered
Your Score History
You have not taken this quiz